000 00492nam a2200205Ia 4500
003 OSt
005 20140319085117.0
008 140130s9999 xx 000 0 und d
020 _a0590129015
050 _aPZ 7
_b.K8352Vi 1998
100 _aKonigsburg, E.L.
245 _aThe view from Saturday /
_cE.L. Konigsburg.
260 _bScholastic,
_c1998.
_aNew York :
300 _a163 p. :
_c18 cm.
440 _v1
521 _aG6
526 _c870
942 _cBK
_2lcc
999 _c41248
_d41248